000 00926nam a2200265Ia 4500
003 OSt
005 20221005133627.0
006 a|||||r|||| 00| 0
007 ta
008 221004b |||||||| |||| 00| 0 hin d
024 _a29104
037 _cTextual
040 _aCRL
_cCRL
_bhin
041 _2hin
_ahin
082 _aW, 152M6
100 _aसिंह, राम रणविजय प्रसाद
_9623811
245 0 _aराजनीति शास्त्र के सिद्धांत
246 _aRājanīti shāstra ke siddhāanta
260 _c1986
300 _a139पृ.
_ccm.
650 _aराजनीतिक विज्ञान
700 _a सिंह, राम रणवीर
_9160371
942 _hW, 152M6
_cTEXL
_2cc
999 _c1067375
_d1067375